Reťazec pomáha ľuďom aj prírode
Spoločnosť Tesco začala pomáhať domácnostiam, ktoré sužuje kríza, prostredníctvom znižovania stoviek produktov. Medzi výrobky patria bežne nakupované potraviny majúce vlastné označenie "Nižšia cena". Reťazec vyvinul aj nové plne recyklovateľné obaly podľa požiadaviek legislatívy.
Guardado en:
| Formato: | Capítulo de libro |
|---|---|
| Lenguaje: | eslovaco |
| Materias: | |
| Etiquetas: |
Sin Etiquetas, Sea el primero en etiquetar este registro!
|
MARC
| LEADER | 00000naa a2200000 4500 | ||
|---|---|---|---|
| 001 | 0277260 | ||
| 005 | 20220818075853.0 | ||
| 041 | 0 | |a slo | |
| 044 | |a SK | ||
| 245 | 1 | 0 | |a Reťazec pomáha ľuďom aj prírode |
| 520 | |a Spoločnosť Tesco začala pomáhať domácnostiam, ktoré sužuje kríza, prostredníctvom znižovania stoviek produktov. Medzi výrobky patria bežne nakupované potraviny majúce vlastné označenie "Nižšia cena". Reťazec vyvinul aj nové plne recyklovateľné obaly podľa požiadaviek legislatívy. | ||
| 610 | 2 | 0 | |a reťazce obchodné |
| 610 | 2 | 0 | |a potraviny |
| 610 | 2 | 0 | |a ochrana prostredia životného |
| 610 | 2 | 0 | |a recyklácia odpadu |
| 610 | 2 | 0 | |a kríza |
| 610 | 2 | 0 | |a pomoc humanitárna |